| 000 | 01370nam a2200301Ia 4500 | ||
|---|---|---|---|
| 999 |
_c54290 _d54290 |
||
| 001 | 21346 | ||
| 003 | GE_BSU | ||
| 005 | 20210909211644.0 | ||
| 008 | 181216s2017||||ru |||||||||||||| ||rus|| | ||
| 020 | _a9785756708707 | ||
| 040 | _cGE_BSU | ||
| 080 | _a327.1(075.8) И 90 | ||
| 245 |
_aИстория Международных Отношений : Т. III. Ялтинско-Потсдамкая Система : _bУчебник / _cЮ. А. Дубинин, Б. Ф. Мартынов, М. М. Наринский, Т. В. Юрьева ; Под обш. ред. А. В.Торкунова. |
||
| 250 | _a2-е издание исправл. | ||
| 264 |
_aМосква : _bАспект-Пресс, _c2017. |
||
| 300 |
_a551стр. ; _c24 см. |
||
| 500 | _aХронолог-я таблица стр. : 513-551 | ||
| 541 | _h102 Л. | ||
| 653 | _aИстория Международных Отношений | ||
| 653 | _aПолитика | ||
| 653 | _aЯлтинско-Потсдамкая Система | ||
| 653 | _aპოლიტიკა | ||
| 700 |
_aДубинин, Ю. А. _cАвтор _912433 |
||
| 700 |
_aНаринский, М. М. _cАвтор _912435 |
||
| 700 |
_aЮрьева, Т. В. _cАвтор _912436 |
||
| 700 |
_aМартынов, Б. Ф. _cАвтор _912437 |
||
| 942 |
_cBK _2udc |
||